| 000 | 00887cam a22002774a 4500 | ||
|---|---|---|---|
| 001 | 13268980 | ||
| 005 | 20180130073003.0 | ||
| 008 | 030710s2004 nyua b 001 0 eng | ||
| 010 | _a 2003059256 | ||
| 020 | _a0071375538 (pbk.) | ||
| 035 | _a(DNLM)101184659 | ||
| 040 |
_aDNLM/DLC _cDLC _dDLC |
||
| 041 | _aeng | ||
| 042 | _apcc | ||
| 060 | 1 | 0 |
_aWW 525 _bE53 2004 |
| 080 | _a616.02502461775 HEI | ||
| 082 | 0 | 0 |
_a616.02502461775 HEI _222 |
| 100 | 1 | _a8 | |
| 101 | _aOFT | ||
| 245 | 1 | 0 |
_aEmergency care in the optometric setting / _cMichael H. Heiberger, Richard J. Madonna, Leon Nehmad. |
| 504 | _aIncludes bibliographical references (p. 267-269) and index. | ||
| 906 |
_a7 _bcbc _corignew _d1 _eocip _f20 _gy-gencatlg |
||
| 942 |
_2ddc _cBK |
||
| 999 |
_c41295 _d41295 |
||